Mathematische Formelsammlung

Αποθηκεύτηκε σε:
Λεπτομέρειες βιβλιογραφικής εγγραφής
Κύριος συγγραφέας: Rottmann, Karl
Μορφή: Βιβλίο
Γλώσσα:German
Δημοσίευση: Mannheim : Bibliographisches Institut, 1960.
Σειρά:B.I.-Hochschultaschenbücher ; 13
Θέματα:
Ετικέτες: Προσθήκη ετικέτας
Δεν υπάρχουν, Καταχωρήστε ετικέτα πρώτοι!

MARC

LEADER 00000cam a2200000 a 4500
001 1/124843
008 220513t1960####gw | ||| |||| ||ger||
040 |a GR-MyUa  |b gre  |c GR-MyUa  |e AACR2 
041 0 |a ger 
082 7 |a 510.212   |2 (23) 
100 1 |a Rottmann, Karl. 
245 1 0 |a Mathematische Formelsammlung /   |c von Karl Rottmann.  
260 |a Mannheim :   |b Bibliographisches Institut,   |c 1960.  
300 |a 174, [2] σ. ;   |c 19 εκ.  
490 1 |a (B.I. - Hochschulskripten ;   |v 13) 
504 |a Περιέχει βιβλιογραφικές αναφορές. 
650 0 |a Mathematics  |x Formulae. 
830 0 |a B.I.-Hochschultaschenbücher  |v  ; 13 
852 |a INST  |b SAMOS  |c MAG  |e 20220513  |h 510.212 ROT  |p 005300035005  |q 005300035005  |t BK  |y 0 
970 |a Γουβάλα  |b Βάσω  |z 13-05-2022